| 000 | 00448nam a22001817a 4500 | ||
|---|---|---|---|
| 005 | 20230111115433.0 | ||
| 008 | 221221b |||||||| |||| 00| 0 eng d | ||
| 020 | _a978-9393-527030-2 | ||
| 041 | _aeng | ||
| 082 | _a615 SEE-P | ||
| 100 |
_aSEBASTIAN , DEEPAK _97439 |
||
| 245 | _aPRINCIPLES OF MANUAL THERAPY | ||
| 250 | _a3rd ed. | ||
| 260 |
_aNEW DELHI _bJAYPEE BROTHERS _c2019 |
||
| 300 | _a366;P. | ||
| 650 |
_aBPT _96963 |
||
| 942 | _cBK | ||
| 999 |
_c8182 _d8180 |
||